Geschichtswissen 1 - Statistiken

Allgemein
  • Dieses Quiz wurde 1.244 mal gespielt
  • Das Durchschnittsergebnis liegt bei 8 aus 15
Antwortstatistiken
Frage Antwort % Korrekt
Wann war die erste Mondlandung? 21. Juli 1969
87%
Wann war der Dreißigjähriger Krieg? 1618–1648
82%
Wann war der Sturm auf die Bastille? 1789
77%
Wann war der Zeite Prager Fenstersturz? 23. Mai 1618
66%
Wann begann die Ära des Farbfernsehens in Deutschland? 25. August 1967
62%
Wann ging Facebook online? 4. Februar 2004
58%
Welche Zeitspanne umfasst das Mittelalter? 500–1500
58%
Wann feiern die Briten den Guy Fawkes Day? 5. November
51%
Wann war die Schlacht bei Waterloo? 1815
49%
Wann starb Cleopatra? 12.8.30 v.Chr.
45%
Wann war der Sechstagekrieg? 05.06.1967–10.06.1967
44%
Wann war das Rokoko? 1720–1780
44%
Wann wurde das Grundgesetz der BRD verkündet? 23. Mai 1949
42%
Wann war die Bartholomäusnacht? 23.08.1572–24.08.1572
36%
Wann war der Stonewall-Aufstand? 28.06.1969
18%
Keine übereinstimmenden Quizze gefunden
Verteilung der Resultate
Anzahl Personen mit jedem Resultat
Perzentil nach korrekt beantworteten Fragen
Ihre Resultats-Entwicklung
Sie haben dieses Quiz noch nicht gespielt